000 00250nam a22000857a 4500
008 160705b xxu||||| |||| 00| 0 eng d
100 _92262
_a Eastern, H., et al
245 _aReminiscences of Swami Vivekananda
260 _aCalcutta
_b Advaita Ashrama
_c1964
999 _c1946
_d1946